El desarrollo económico y social en los umbrales del siglo XXI (Registro nro. 166558)

Detalles MARC
000 -ENCABEZADO
Número de control [NR] 01230nam a22002777a 4500
005 - FECHA Y HORA DE LA ÚLTIMA TRANSACCIÓN
control field 20140217151728.0
008 - DE LONGITUD FIJA DE DATOS DE ELEMENTOS - INFORMACIÓN GENERAL
Elementos de longitud fija [NR] 130520s1998 xxud frn 101 0 sspad
020 ## - NUMERO INTERNACIONAL NORMALIZADO PARA LIBROS [R]
Número Internacional Normalizado del libro [NR] 188693830X
040 ## - FUENTE DE CATALOGACION [NR]
Agencia de catalogación original [NR] CO-BoUCM
Idioma de catalogación [NR] spa
Quien Cataloga
Quien Clasifica Aldemar Mondragón
041 00 - CODIGO DE IDIOMA [R]
Código de idioma para texto/pista de sonido o título separado [R] Español
111 2# - ASIENTO PRINCIPAL--NOMBRE DE REUNION [NR]
Nombre de reunión o de jurisdicción como elemento de entrada [NR] Conference Development Thinking and Practice
Fecha de la reunión [NR] (1996
Lugar de la reunión [NR] Washington, D.C.)
9 (RLIN) 37782
245 13 - MENCION DE TITULO [NR]
Título [NR] El desarrollo económico y social en los umbrales del siglo XXI
Mención de responsabilidad, etc. [NR] Conference Development Thinking and Practice ; compiladores Louis Emmerij y José Núñez del Arco
260 ## - PUBLICACION, DISTRIBUCION, ETC. (PIE DE IMPRENTA) [R]
Lugar de publicación, distribución, etc. [R] Washington
Nombre del editor, distribuidor, etc. [R] Banco Interamericano de Desarrollo
Fecha de publicación, distribución, etc. [R] 1998
300 ## - DESCRIPCION FISICA [R]
Extensión [R] xi, 616 páginas
Dimensiones [R] tablas
504 ## - NOTA DE BIBLIOGRAFIA, ETC. [R]
Nota de bibliografía, etc. [NR] Incluye referencias bibliográficas
650 #7 - ASIENTO SECUNDARIO DE MATERIA - TERMINO TEMATICO [R]
Término temático o nombre geográfico como elemento de entrada [NR] Competencia económica internacional
Subdivisión de forma [R] Congresos
9 (RLIN) 37783
650 #7 - ASIENTO SECUNDARIO DE MATERIA - TERMINO TEMATICO [R]
Término temático o nombre geográfico como elemento de entrada [NR] Desarrollo económico
Subdivisión de forma [R] Congresos
9 (RLIN) 37785
650 #7 - ASIENTO SECUNDARIO DE MATERIA - TERMINO TEMATICO [R]
Término temático o nombre geográfico como elemento de entrada [NR] Globalización
9 (RLIN) 37784
651 #4 - ASIENTO SECUNDARIO DE MATERIA - NOMBRE GEOGRAFICO [R]
Nombre geográfico [NR] América Latina
Subdivisión general [R] Política económica
Subdivisión de forma [R] Congresos
9 (RLIN) 37786
690 ## - ASUNTO AGREGADO LOCAL DE ENTRADA - TÉRMINO TEMÁTICO (OCLC, RLIN)
Acceso temático local Desarrollo económico
700 1# - ASIENTO SECUNDARIO - NOMBRE PERSONAL [R]
Nombre personal [NR] Emmerij, Louis
Término de relación [R] compilador
9 (RLIN) 37787
700 1# - ASIENTO SECUNDARIO - NOMBRE PERSONAL [R]
Nombre personal [NR] Núñez del Arco, José
Término de relación [R] compilador
9 (RLIN) 37788
710 2# - ASIENTO SECUNDARIO - NOMBRE CORPORATIVO [R]
Nombre corporativo o de jurisdicción como elemento de entrada [NR] Banco Interamericano de Desarrollo
9 (RLIN) 36056
942 ## - ELEMENTOS DE ENTRADA AGREGADOS (KOHA)
Sistema de clasificación DEWEY
Tema principal Economía
Tipo de ítem principal el descrito en 300a Libro de reserva
Edición 1
Clasificación 338.9
Parte restante de la signatura top. D441
Existencias
Total préstamos Signatura topográfica Código de barras Última vez visto Ejemplar Costo de reposición Price effective from Tipo de ítem Perdido Sistema de clasificación Dañado No prestable Tipo de ítem específico Suprimido Ubicación habitual Ubicación actual Localización Fecha de creación Forma de adquisición Costo
  338.9 D441 100132277 03/12/2025 Ej.1 573452.00 31/07/2013 Libro   DEWEY     Libro   Claustro Claustro Mezanine 31/07/2013 Compra 564900.00